25 años de arte contemporáneo en las Cortes de Aragón (Record no. 175466)

MARC details
000 -LEADER
campo de control de longitud fija 00960nam a2200253 4500
001 - NÚMERO DE CONTROL
campo de control 175466
003 - IDENTIFICADOR DE NÚMERO DE CONTROL
campo de control ES-MaACL
005 - FECHA Y HORA DE LA ÚLTIMA TRANSACCIÓN
campo de control 20230906215830.0
008 - DATOS DE LONGITUD FIJA--INFORMACIÓN GENERAL
campo de control de longitud fija 101028s2009 sp af |||| | spa d
020 ## - NÚMERO INTERNACIONAL ESTÁNDAR DEL LIBRO
Número Internacional Estándar del Libro 978-84-92565-02-3
080 ## - NÚMERO DE LA CLASIFICACIÓN DECIMAL UNIVERSAL
Número de la Clasificación Decimal Universal 75.036(460.22)(083.824)
080 ## - NÚMERO DE LA CLASIFICACIÓN DECIMAL UNIVERSAL
Número de la Clasificación Decimal Universal 74.036(460.22)(083.824)
110 1# - ENTRADA PRINCIPAL--NOMBRE DE ENTIDAD CORPORATIVA
Nombre de entidad corporativa o nombre de jurisdicción como elemento de entrada Aragón.
Unidad subordinada Cortes.
9 (RLIN) 1406
245 10 - MENCIÓN DEL TÍTULO
Título 25 años de arte contemporáneo en las Cortes de Aragón
Resto del título : del 21 de abril al 30 de junio de 2009, Palacio de la Aljafería.
246 3# - FORMA VARIANTE DEL TITULO
Título propio/Titulo breve Veinticinco años de arte contemporáneo en las Cortes de Aragón
260 ## - PUBLICACIÓN, DISTRIBUCIÓN, ETC.
Lugar de publicación, distribución, etc. [Zaragoza] :
Nombre del editor, distribuidor, etc. Cortes de Aragón, Parlamento,
Fecha de publicación, distribución, etc. [2009]
300 ## - DESCRIPCIÓN FÍSICA
Extensión [30] p. :
Otras características físicas principalmente il. col. ;
Dimensiones 20 x 20 cm.
650 #7 - PUNTO DE ACCESO ADICIONAL DE MATERIA--TÉRMINO DE MATERIA
Término de materia o nombre geográfico como elemento de entrada Pintura-
Subdivisión geográfica Aragón-
Subdivisión cronológica S.XX-
Subdivisión de forma Exposiciones.
9 (RLIN) 143782
655 #7 - TERMINO DE INDIZACIÓN--GENERO/FORMA
Fuente del término tgfbne
9 (RLIN) 193628
Datos o término principal de género/forma Catálogos de exposiciones
710 1# - ENTRADA AGREGADA--NOMBRE DE ENTIDAD CORPORATIVA
Nombre de entidad corporativa o nombre de jurisdicción como elemento de entrada Aragón.
Unidad subordinada Cortes.
9 (RLIN) 1406
852 ## - LOCALIZACIÓN
Ubicación ES-MaACL
Número de control de estantería 2283-F-2
942 ## - ELEMENTOS DE ENTRADA SECUNDARIOS (KOHA)
Fuente del sistema de clasificación o colocación Clasificación decimal universal
Holdings
Estatus retirado Estado de pérdida Estado de daño No para préstamo Colección Biblioteca de origen Biblioteca actual Ubicación en estantería Fecha de adquisición Fuente de adquisición Total de préstamos Signatura topográfica completa Código de barras Visto por última vez Precio de reemplazo Tipo de ítem Koha
        Colección de folletos Biblioteca del Ateneo de Madrid Biblioteca del Ateneo de Madrid Depósito folletos 28/10/2010     2283-F-2 1184242 23/02/2023 23/02/2023 Folleto